Phrases en langues differantes - Statistiques

Statistiques générales
  • Ce quiz a été pris 98 fois
  • Le résultat moyen est 10 sur 20
Statistiques - réponses
Phrase Langues % Correct
I like to eat fish with bread! Anglais
100%
¡Me gusta comer pescado con pan! Espagnol
100%
J'aime manger des poissons avec du pain ! Français
100%
Ich esse gerne Fisch mit Brot! Allemand
99%
Mi piace mangiare il pesce con il pane! Italien
96%
أحب أكل السمك مع الخبز! Arabe
93%
Ekmekle balık yemeyi seviyorum! Turc
60%
Μου αρέσει να τρώω ψάρι με ψωμί! Grec
57%
Lubię jeść rybę z chlebem! Polonais
49%
Jeg liker å spise fisk med brød! Norvégien
48%
Волим да једем рибу са хлебом! Serbe
36%
Volim jesti ribu s kruhom! Croate
31%
Обичам да ям риба с хляб! Bulgare
30%
Mér finnst gott að borða fisk með brauði! Islandais
29%
Szeretek halat enni kenyérrel! Hongrois
28%
Rád jem rybu s chlebom! Slovaque
26%
我鍾意食魚配麵包! Cantonais
19%
Saya suka makan ikan dengan roti! Indonesien
13%
Ahu marosuh mangan ihan pakon ruti! Batak simalungun
1%
Tɔmelã kple abolo ɖuɖu dzɔa dzi nam! Ewe
1%
Aucun quiz correspondant
Distribution des résultats
% des personnes avec chaque résultat
Percentile par nombre de réponses
Votre historique - résultats
Vous n’avez pas pris ce quiz